[Event "Kostroma Volga Cup op"]
[Site "Kostroma"]
[Date "2009.07.??"]
[Round "1"]
[White "Sivokho, Sergey V"]
[Black "Mirzanurov, Bulat"]
[Result "1-0"]
[WhiteElo "2469"]
[BlackElo "2312"]
[PlyCount "134"]
[EventDate "2009.07.03"]
[EventType "swiss"]
[EventRounds "9"]
[EventCountry "RUS"]
[SourceTitle "EXT 2021"]
[Source "ChessBase"]
[SourceDate "2020.10.23"]
[SourceVersion "1"]
[SourceVersionDate "2020.10.23"]
[SourceQuality "1"]

1. e4 c5 2. Nf3 e6 3. d4 cxd4 4. Nxd4 a6 5. Nc3 Qc7 6. g3 Nf6 7. Bg2 Nc6 8. 0-0 h6 9. Re1 Nxd4 10. Qxd4 Bc5 11. Bf4 d6 12. Qd3 Ng4 13. Re2 Bd7 14. a4 Ne5 15. Qd1 0-0 16. h3 Rac8 17. Qc1 Rfd8 18. Be3 Bb4 19. Na2 Ba5 20. b3 Nc6 21. Qa3 Bb6 22. Rd1 Bxe3 23. Rxe3 Ne5 24. c4 Qc5 25. Qb2 Bxa4 26. bxa4 Nxc4 27. Qb3 Nxe3 28. fxe3 Qc4 29. Rb1 Qxb3 30. Rxb3 Rc4 31. Nc3 Rdc8 32. Ne2 Rxa4 33. Rxb7 Ra1+ 34. Kf2 a5 35. Rb6 a4 36. Rxd6 a3 37. e5 g6 38. Be4 Rb8 39. Ra6 Rb2 40. Bd3 a2 41. Bc4 Rh1 42. Rxa2 Rh2+ 43. Kf3 Rxa2 44. Bxa2 Rxh3 45. Bc4 Rh5 46. Ke4 Rf5 47. Nf4 Rg5 48. Ne2 Rg4+ 49. Kd3 h5 50. e4 g5 51. Ke3 h4 52. Kf3 h3 53. Bd3 Kg7 54. Kf2 f5 55. exf6+ Kxf6 56. Kg1 Ke5 57. Kh2 Rxe4 58. Bxe4 Kxe4 59. Kxh3 Ke3 60. Nc1 Kf3 61. Nd3 Ke3 62. Ne5 Ke4 63. Nf7 Kf5 64. Nh6+ Kg6 65. Ng4 Kf5 66. Nf2 e5 67. Kg2 e4 1-0

[Event "St Petersburg Nov op"]
[Site "St Petersburg"]
[Date "2008.11.08"]
[Round "8"]
[White "Barhudarian, Rafael"]
[Black "Sivokho, Sergey V"]
[Result "1-0"]
[WhiteElo "2327"]
[BlackElo "2486"]
[PlyCount "113"]
[EventDate "2008.11.01"]
[EventType "swiss"]
[EventRounds "9"]
[EventCountry "RUS"]
[SourceTitle "EXT 2010"]
[Source "ChessBase"]
[SourceDate "2010.11.25"]
[SourceVersion "1"]
[SourceVersionDate "2010.11.25"]
[SourceQuality "1"]

1. d4 Nf6 2. Nc3 d5 3. Qd3 c5 4. Bg5 cxd4 5. Bxf6 gxf6 6. Qxd4 e6 7. e4 Nc6 8. Bb5 Bd7 9. Bxc6 bxc6 10. exd5 cxd5 11. Nge2 Be7 12. 0-0 Qb6 13. Qd3 f5 14. Ng3 Bc6 15. a4 h5 16. Rfe1 Rd8 17. Qe2 d4 18. Nb5 a6 19. Qe5 Rg8 20. Nc7+ Kf8 21. Nxe6+ fxe6 22. Qxe6 Qc5 23. Re5 Qd6 24. Rxf5+ Ke8 25. Qxg8+ Kd7 26. Qg7 h4 27. Ne2 Kc8 28. Rf7 d3 29. cxd3 Qxd3 30. h3 Bd6 31. Rc1 Kb8 32. Qc3 Qxc3 33. Nxc3 Be5 34. Re1 Bc7 35. Rf6 Bb7 36. Rd1 Rc8 37. Kf1 Rg8 38. Nd5 Be5 39. Rb6 Ka7 40. a5 Rg5 41. b4 Bb8 42. Ne3 Bc7 43. Rh6 Rg7 44. Rxh4 Rf7 45. Rhd4 Bc6 46. Rc1 Kb7 47. Nc4 Rf6 48. h4 Bg3 49. Rc2 Ba4 50. Re2 Bb5 51. Kg1 Bc7 52. Re7 Kb8 53. Nb6 Rc6 54. Nd7+ Ka8 55. Nc5 Bd6 56. Re6 Bxc5 57. Rd8+ 1-0

[Event "St Petersburg Nov op"]
[Site "St Petersburg"]
[Date "2008.11.07"]
[Round "7"]
[White "Sivokho, Sergey V"]
[Black "Melnikov, Dmitry"]
[Result "1/2-1/2"]
[WhiteElo "2486"]
[BlackElo "2280"]
[PlyCount "119"]
[EventDate "2008.11.01"]
[EventType "swiss"]
[EventRounds "9"]
[EventCountry "RUS"]
[SourceTitle "EXT 2010"]
[Source "ChessBase"]
[SourceDate "2010.11.25"]
[SourceVersion "1"]
[SourceVersionDate "2010.11.25"]
[SourceQuality "1"]

1. e4 e5 2. Nf3 Nc6 3. Bb5 a6 4. Ba4 f5 5. d4 exd4 6. e5 Bc5 7. 0-0 Nge7 8. Bb3 d6 9. exd6 Qxd6 10. Re1 h6 11. Nbd2 Qf6 12. Nc4 Be6 13. Nd6+ Bxd6 14. Rxe6 Qf8 15. Nxd4 0-0-0 16. c3 Nxd4 17. cxd4 Kb8 18. Bd2 Nc6 19. Bc3 Be5 20. d5 Bxc3 21. bxc3 Qc5 22. Qd3 Na5 23. c4 Rhe8 24. Rae1 Rxe6 25. Rxe6 b5 26. Rxa6 bxc4 27. Qc3 Qxd5 28. g3 Nxb3 29. axb3 cxb3 30. Ra3 Qb7 31. Qxb3 Qxb3 32. Rxb3+ Kc8 33. Rb5 g6 34. h4 h5 35. Kg2 Re8 36. Rb2 c6 37. Rc2 Kd7 38. Rd2+ Kc7 39. Ra2 Re6 40. Rc2 Re5 41. Kf3 c5 42. Kf4 Re4+ 43. Kg5 Rg4+ 44. Kf6 Kd6 45. Rc1 Kd5 46. Rg1 Ke4 47. Rc1 Kf3 48. Rc2 c4 49. Kg7 Kg2 50. Kf6 Kf1 51. Ke5 Ke1 52. f3 Rxg3 53. Kf4 Rh3 54. Ke3 f4+ 55. Ke4 Rxh4 56. Rxc4 Kf2 57. Rc2+ Kf1 58. Rc1+ Kg2 59. Rc2+ Kh3 60. Rc5 1/2-1/2

[Event "Chigorin Memorial 16th"]
[Site "St Petersburg"]
[Date "2008.10.05"]
[Round "2"]
[White "Sivokho, Sergey V"]
[Black "Barhudarian, Rafael"]
[Result "1-0"]
[WhiteElo "2486"]
[BlackElo "2327"]
[PlyCount "131"]
[EventDate "2008.10.03"]
[EventType "swiss"]
[EventRounds "9"]
[EventCountry "RUS"]
[SourceTitle "CBM 126 Extra"]
[Source "ChessBase"]
[SourceDate "2008.11.05"]
[SourceVersion "1"]
[SourceVersionDate "2008.11.05"]
[SourceQuality "1"]

1. e4 g6 2. d4 Bg7 3. Nc3 d6 4. f4 c6 5. h3 e5 6. dxe5 Qh4+ 7. Ke2 dxe5 8. Nf3 Qe7 9. fxe5 Nd7 10. Bg5 f6 11. Bf4 fxe5 12. Be3 Ngf6 13. Kf2 0-0 14. Bd3 Nc5 15. Rf1 Nfxe4+ 16. Nxe4 Nxe4+ 17. Bxe4 Qh4+ 18. Kg1 Qxe4 19. Bc5 Re8 20. Qd2 Bf5 21. c3 b6 22. Be3 Rad8 23. Qf2 Rf8 24. Rfe1 Qd5 25. Qh4 e4 26. Nd4 c5 27. Nxf5 Qxf5 28. Bg5 Rde8 29. Rad1 Re5 30. Be3 Bf6 31. Qg4 Qxg4 32. hxg4 Re7 33. Rf1 Be5 34. Bh6 Bg7 35. Rxf8+ Kxf8 36. Bg5 Re8 37. Kf2 h6 38. Bf4 g5 39. Bg3 Ke7 40. Ke3 Ke6 41. Kxe4 Bf8 42. Be5 Be7 43. a4 Rf8 44. Bg3 Rh8 45. Rd5 Rc8 46. c4 Rf8 47. Re5+ Kd7 48. Rf5 Rh8 49. Kd5 Rh7 50. a5 bxa5 51. Bf2 h5 52. Bxc5 hxg4 53. Bxe7 Rxe7 54. Rxg5 Re2 55. Rg7+ Kc8 56. Rxg4 Rxb2 57. c5 Rf2 58. Kc6 Rf6+ 59. Kb5 Rf5 60. Rg7 a4 61. Rxa7 Rg5 62. Kb6 Rxg2 63. Ra8+ Kd7 64. c6+ Kd6 65. Rd8+ Ke7 66. c7 1-0

[Event "St Petersburg June op"]
[Site "St Petersburg"]
[Date "2008.06.25"]
[Round "5"]
[White "Sivokho, Sergey V"]
[Black "Serov, Maksim"]
[Result "1-0"]
[WhiteElo "2467"]
[BlackElo "2295"]
[PlyCount "79"]
[EventDate "2008.06.21"]
[EventType "swiss"]
[EventRounds "9"]
[EventCountry "RUS"]
[SourceTitle "CBM 125 Extra"]
[Source "ChessBase"]
[SourceDate "2008.09.01"]
[SourceVersion "1"]
[SourceVersionDate "2008.09.01"]
[SourceQuality "1"]

1. e4 e6 2. d4 d5 3. Nc3 Nf6 4. Bg5 dxe4 5. Nxe4 Nbd7 6. Nf3 h6 7. Nxf6+ Nxf6 8. Bh4 c5 9. dxc5 Qxd1+ 10. Rxd1 Bxc5 11. Ne5 0-0 12. Be2 Nd5 13. Bf3 Bb4+ 14. Kf1 f5 15. c4 Ne7 16. Bxe7 Bxe7 17. Ng6 Rf7 18. Nxe7+ Rxe7 19. Rd8+ Kf7 20. Ke2 Rc7 21. b3 a5 22. a4 Ke7 23. Rhd1 Ra7 24. Rg8 Kf6 25. Rdd8 Bd7 26. Rdf8+ Kg6 27. Ra8 Rxa8 28. Rxa8 Bc6 29. Rxa5 Bxf3+ 30. Kxf3 Kf6 31. Rb5 g5 32. h3 h5 33. Ke3 Rd7 34. a5 f4+ 35. Ke2 e5 36. f3 Kf5 37. b4 g4 38. h4 Rg7 39. Kf2 Rc7 40. Rc5 1-0

[Event "St Petersburg June op"]
[Site "St Petersburg"]
[Date "2008.06.23"]
[Round "3"]
[White "Sivokho, Sergey V"]
[Black "Timofeev, Andrei"]
[Result "1-0"]
[WhiteElo "2467"]
[BlackElo "2248"]
[PlyCount "43"]
[EventDate "2008.06.21"]
[EventType "swiss"]
[EventRounds "9"]
[EventCountry "RUS"]
[SourceTitle "CBM 125 Extra"]
[Source "ChessBase"]
[SourceDate "2008.09.01"]
[SourceVersion "1"]
[SourceVersionDate "2008.09.01"]
[SourceQuality "1"]

1. e4 c6 2. d4 d5 3. Nc3 dxe4 4. Nxe4 Bf5 5. Ng3 Bg6 6. Nf3 e6 7. h4 h6 8. h5 Bh7 9. Bd3 Bxd3 10. Qxd3 Nf6 11. Bd2 Nbd7 12. Qe2 Qc7 13. 0-0-0 0-0-0 14. Ne5 Nb6 15. c4 Rxd4 16. Be3 Rxd1+ 17. Rxd1 Bb4 18. Bf4 Qe7 19. Nxf7 Qxf7 20. Qe5 Nfd5 21. cxd5 cxd5 22. Rd4 1-0

[Event "St Petersburg Chigorin CC-ch"]
[Site "St Petersburg"]
[Date "2008.05.22"]
[Round "8"]
[White "Sivokho, Sergey V"]
[Black "Vunder, Andrei"]
[Result "1-0"]
[WhiteElo "2467"]
[BlackElo "2241"]
[PlyCount "107"]
[EventDate "2008.05.13"]
[EventType "swiss"]
[EventRounds "9"]
[EventCountry "RUS"]
[SourceTitle "CBM 124 Extra"]
[Source "ChessBase"]
[SourceDate "2008.07.03"]
[SourceVersion "1"]
[SourceVersionDate "2008.07.03"]
[SourceQuality "1"]

1. e4 e6 2. d4 d5 3. Nc3 Nf6 4. Bg5 dxe4 5. Nxe4 Nbd7 6. Nf3 Be7 7. Nxf6+ Bxf6 8. h4 0-0 9. Bd3 c5 10. Qe2 cxd4 11. 0-0-0 e5 12. Qe4 g6 13. Bxf6 Qxf6 14. Bc4 Nb6 15. Qxe5 Qxe5 16. Nxe5 Nxc4 17. Nxc4 Rd8 18. Rhe1 Be6 19. Ne5 Rac8 20. Kb1 Bf5 21. Rd2 Re8 22. b3 Re6 23. Nf3 Rxe1+ 24. Nxe1 Rd8 25. Kc1 Rd7 26. Nf3 Be4 27. Ne1 Bc6 28. g3 Kg7 29. Nd3 Kf6 30. a4 h6 31. f4 Rd6 32. Ne5 Ke7 33. Re2 Re6 34. Kd2 Be8 35. Nf3 Rxe2+ 36. Kxe2 Kd6 37. Nxd4 Kc5 38. c3 Bd7 39. Kd3 a5 40. Ke4 f6 41. Kd3 Bh3 42. c4 Bd7 43. Kc3 b6 44. Nc2 Bc6 45. Ne1 Be4 46. Nd3+ Kd6 47. Kd4 Bf5 48. c5+ bxc5+ 49. Nxc5 Bc8 50. Ne4+ Ke6 51. Nd2 Kf5 52. Ke3 Kg4 53. Kf2 Kf5 54. Nc4 1-0

[Event "St Petersburg op"]
[Site "St Petersburg"]
[Date "2007.11.03"]
[Round "8"]
[White "Sivokho, Sergey V"]
[Black "Malakhov, Igor"]
[Result "1-0"]
[WhiteElo "2464"]
[BlackElo "2296"]
[PlyCount "35"]
[EventDate "2007.10.27"]
[EventType "swiss"]
[EventRounds "9"]
[EventCountry "RUS"]
[SourceTitle "CBM 121 Extra"]
[Source "ChessBase"]
[SourceDate "2008.01.10"]
[SourceVersion "1"]
[SourceVersionDate "2008.01.10"]
[SourceQuality "1"]

1. e4 c5 2. Nf3 d6 3. d4 cxd4 4. Nxd4 Nf6 5. Nc3 a6 6. Be3 e6 7. g4 d5 8. exd5 Nxd5 9. Nxd5 Qxd5 10. Rg1 Nd7 11. Bg2 Qc4 12. Qe2 Qxe2+ 13. Kxe2 e5 14. Nb3 Rb8 15. Rad1 b6 16. Bc6 Kd8 17. Rxd7+ Bxd7 18. Rd1 1-0

[Event "St Petersburg Autumn op"]
[Site "St Petersburg"]
[Date "2006.11.06"]
[Round "7"]
[White "Sivokho, Sergey V"]
[Black "Korchagina, Victoria"]
[Result "1-0"]
[WhiteElo "2476"]
[BlackElo "2091"]
[PlyCount "55"]
[EventDate "2006.10.31"]
[EventType "swiss"]
[EventRounds "9"]
[EventCountry "RUS"]
[SourceTitle "EXT 2007"]
[Source "ChessBase"]
[SourceDate "2006.11.23"]
[SourceVersion "1"]
[SourceVersionDate "2006.11.23"]
[SourceQuality "1"]

1. e4 c5 2. Nf3 d6 3. d4 cxd4 4. Nxd4 Nf6 5. Nc3 a6 6. Be3 e5 7. Nb3 Be6 8. f3 Be7 9. Qd2 0-0 10. 0-0-0 Nbd7 11. g4 b5 12. g5 b4 13. Ne2 Ne8 14. f4 a5 15. f5 a4 16. fxe6 axb3 17. exf7+ Rxf7 18. Kb1 bxc2+ 19. Qxc2 Bxg5 20. Bxg5 Qxg5 21. Ng3 Nb6 22. Qb3 Qg6 23. Be2 Qf6 24. Rhf1 Qe7 25. Nf5 Qf8 26. Bh5 g6 27. Nh6+ Qxh6 28. Qxf7+ 1-0

[Event "St Petersburg Autumn op"]
[Site "St Petersburg"]
[Date "2006.11.05"]
[Round "6"]
[White "Frolochkin, Vladimir"]
[Black "Sivokho, Sergey V"]
[Result "1-0"]
[WhiteElo "2232"]
[BlackElo "2476"]
[PlyCount "75"]
[EventDate "2006.10.31"]
[EventType "swiss"]
[EventRounds "9"]
[EventCountry "RUS"]
[SourceTitle "EXT 2007"]
[Source "ChessBase"]
[SourceDate "2006.11.23"]
[SourceVersion "1"]
[SourceVersionDate "2006.11.23"]
[SourceQuality "1"]

1. e4 c5 2. Nf3 e6 3. c3 d5 4. exd5 Qxd5 5. d4 Nf6 6. Bd3 Nc6 7. 0-0 Be7 8. Re1 0-0 9. Be3 Rd8 10. Bc2 b6 11. Nbd2 cxd4 12. cxd4 Bb7 13. a3 Rac8 14. Bb3 Qh5 15. Ba2 Ng4 16. Nf1 Nxe3 17. fxe3 Bf6 18. Qe2 Ne7 19. Ng3 Qh6 20. Rad1 Ng6 21. e4 Nf4 22. Qf2 Rc7 23. d5 exd5 24. exd5 Rcd7 25. d6 g6 26. Qe3 Kg7 27. Ne4 Bxe4 28. Qxe4 Rxd6 29. Rxd6 Rxd6 30. Qb7 Ne2+ 31. Rxe2 Rd1+ 32. Kf2 Qf4 33. Qxf7+ Kh6 34. Qf8+ Kh5 35. g4+ Kxg4 36. Qc8+ Kh5 37. Re5+ g5 38. Bf7+ 1-0

[Event "Minsk Inautomarket op"]
[Site "Minsk"]
[Date "2006.07.18"]
[Round "9"]
[White "Sivokho, Sergey V"]
[Black "Gorovets, Andrey"]
[Result "1/2-1/2"]
[WhiteElo "2473"]
[BlackElo "2360"]
[PlyCount "136"]
[EventDate "2006.07.10"]
[EventType "swiss"]
[EventRounds "9"]
[EventCountry "BLR"]
[SourceTitle "CBM 113 Extra"]
[Source "ChessBase"]
[SourceDate "2006.09.14"]
[SourceVersion "1"]
[SourceVersionDate "2006.09.14"]
[SourceQuality "1"]

1. e4 Nf6 2. e5 Nd5 3. d4 d6 4. Nf3 Bg4 5. Be2 c6 6. 0-0 Bxf3 7. Bxf3 dxe5 8. dxe5 e6 9. Qe2 Nd7 10. c4 Ne7 11. Bf4 Ng6 12. Bg3 Bc5 13. Rd1 Qg5 14. Nc3 Ndxe5 15. Ne4 Qe7 16. Bh5 Nd7 17. Bd6 Bxd6 18. Nxd6+ Kf8 19. Nxb7 Nf6 20. Bxg6 hxg6 21. Nd6 Rh5 22. Rd3 Nd5 23. cxd5 Qxd6 24. g3 Rxd5 25. Rc3 Rd2 26. Qa6 Qd4 27. Rf1 Rxb2 28. Rxc6 Rb6 29. Rc8+ Rxc8 30. Qxc8+ Ke7 31. Qc7+ Qd7 32. Rc1 f6 33. h4 Rb7 34. Qa5 Qd5 35. Qa6 Rd7 36. Qa3+ Qd6 37. Rc5 Kf7 38. Qc3 Qd1+ 39. Kg2 Qd6 40. a4 Qa6 41. Qc2 Qb7+ 42. Kh2 Qb4 43. a5 f5 44. Rc7 Qd4 45. Rc4 Qd5 46. Rc5 Qd6 47. Qc3 Qe7 48. Qc4 Qd8 49. a6 Rd2 50. Rc7+ Kf6 51. Qc3+ e5 52. Qc6+ Qd6 53. Qc4 Qd5 54. Qxd5 Rxd5 55. Rxa7 Rd2 56. Kg1 Ra2 57. Kf1 e4 58. Ke1 g5 59. hxg5+ Kg6 60. Kf1 Ra3 61. Ke2 Ra1 62. Ke3 Ra2 63. g4 fxg4 64. Ra8 Kxg5 65. a7 Ra4 66. Re8 Rxa7 67. Rxe4 Ra3+ 68. Ke2 g3 1/2-1/2

[Event "Minsk Inautomarket op"]
[Site "Minsk"]
[Date "2006.07.14"]
[Round "5"]
[White "Sivokho, Sergey V"]
[Black "Romanov, Evgeny"]
[Result "0-1"]
[WhiteElo "2473"]
[BlackElo "2481"]
[PlyCount "116"]
[EventDate "2006.07.10"]
[EventType "swiss"]
[EventRounds "9"]
[EventCountry "BLR"]
[SourceTitle "CBM 113 Extra"]
[Source "ChessBase"]
[SourceDate "2006.09.14"]
[SourceVersion "1"]
[SourceVersionDate "2006.09.14"]
[SourceQuality "1"]

1. e4 e5 2. Nf3 Nc6 3. Bc4 Bc5 4. c3 Nf6 5. d3 a6 6. Bb3 Ba7 7. 0-0 0-0 8. h3 d5 9. exd5 Nxd5 10. Re1 f6 11. Nbd2 Kh8 12. Nf1 Qd6 13. Ng3 Be6 14. d4 exd4 15. cxd4 Rfe8 16. a3 Bg8 17. Ne4 Qf8 18. Nc3 Rxe1+ 19. Nxe1 Rd8 20. Nf3 Bxd4 21. Nxd4 Nb6 22. Bxg8 Rxd4 23. Qh5 Kxg8 24. Be3 Rd8 25. Bxb6 cxb6 26. Rd1 Rxd1+ 27. Qxd1 b5 28. Qd5+ Qf7 29. Qd6 Qe7 30. Qd5+ Kf8 31. Qd2 h6 32. Ne2 Qd8 33. Qc2 Qd6 34. g3 g5 35. Nc3 Kg7 36. Qe4 Qe5 37. Qf3 f5 38. Kg2 Kg6 39. g4 a5 40. gxf5+ Qxf5 41. Qxf5+ Kxf5 42. Nxb5 Kf4 43. a4 Ne5 44. Nd6 b6 45. b3 h5 46. Nc8 Nd7 47. Nd6 Ke5 48. Nf7+ Kd4 49. Nxg5 Kc3 50. Kg3 Kxb3 51. Ne4 Kxa4 52. Kh4 Kb4 53. f4 a4 54. Nf2 a3 55. Nd3+ Kc3 56. Nc1 Kb2 57. Nd3+ Kb1 58. Nb4 a2 0-1

[Event "Minsk Inautomarket op"]
[Site "Minsk"]
[Date "2006.07.13"]
[Round "4"]
[White "Kislinsky, Alexey"]
[Black "Sivokho, Sergey V"]
[Result "0-1"]
[WhiteElo "2454"]
[BlackElo "2473"]
[PlyCount "90"]
[EventDate "2006.07.10"]
[EventType "swiss"]
[EventRounds "9"]
[EventCountry "BLR"]
[SourceTitle "CBM 113 Extra"]
[Source "ChessBase"]
[SourceDate "2006.09.14"]
[SourceVersion "1"]
[SourceVersionDate "2006.09.14"]
[SourceQuality "1"]

1. e4 c5 2. Nc3 Nc6 3. g3 g6 4. d3 Bg7 5. Bg2 d6 6. Be3 e5 7. Qd2 Be6 8. f4 Nf6 9. Nf3 Ng4 10. Bg1 exf4 11. gxf4 0-0 12. h3 Nf6 13. Be3 Re8 14. 0-0 Nh5 15. Qf2 f5 16. Ng5 Kh8 17. Nd5 h6 18. Nxe6 Rxe6 19. c3 Ne7 20. Bf3 Nf6 21. Nxf6 Bxf6 22. Qg2 Qc7 23. Bf2 Kh7 24. Kh1 Rg8 25. Rae1 b6 26. Bd1 b5 27. Rg1 Rg7 28. Qf1 Qc6 29. Qg2 Qc8 30. Bc2 a6 31. Qg3 Nc6 32. d4 Rxe4 33. Bxe4 fxe4 34. dxc5 Ne7 35. Rxe4 Nf5 36. Qg2 dxc5 37. Rd1 b4 38. Rc4 bxc3 39. bxc3 Rc7 40. Rg1 Qe8 41. Qf3 Qb5 42. Re4 Qc6 43. Qg2 Bxc3 44. Bxc5 Ng3+ 45. Kh2 Nxe4 0-1

[Event "Minsk Inautomarket op"]
[Site "Minsk"]
[Date "2006.07.11"]
[Round "2"]
[White "Khamitskiy, Sergei"]
[Black "Sivokho, Sergey V"]
[Result "0-1"]
[WhiteElo "2295"]
[BlackElo "2473"]
[PlyCount "60"]
[EventDate "2006.07.10"]
[EventType "swiss"]
[EventRounds "9"]
[EventCountry "BLR"]
[SourceTitle "CBM 113 Extra"]
[Source "ChessBase"]
[SourceDate "2006.09.14"]
[SourceVersion "1"]
[SourceVersionDate "2006.09.14"]
[SourceQuality "1"]

1. d4 Nf6 2. c4 c5 3. d5 b5 4. Nf3 d6 5. a4 bxc4 6. Nc3 Nbd7 7. e4 Ba6 8. Nd2 Ne5 9. f4 Nd3+ 10. Bxd3 cxd3 11. 0-0 Qc7 12. Re1 Qb7 13. Qf3 Rd8 14. Nb5 Bxb5 15. axb5 Qxb5 16. Rxa7 c4 17. Qf2 e5 18. h3 Be7 19. Nf3 Nd7 20. fxe5 dxe5 21. Be3 Bb4 22. Rf1 0-0 23. Ng5 Nf6 24. Qh4 Bc5 25. Rxf6 Bxe3+ 26. Kh2 Bxg5 27. Qxg5 Qb8 28. Re7 Rd6 29. Rf2 Qd8 30. h4 h6 0-1

[Event "St Petersburg White Nights op"]
[Site "St Petersburg"]
[Date "2006.06.30"]
[Round "8"]
[White "Sivokho, Sergey V"]
[Black "Kurilov, Viktor"]
[Result "1/2-1/2"]
[WhiteElo "2469"]
[BlackElo "2329"]
[PlyCount "105"]
[EventDate "2006.06.23"]
[EventType "swiss"]
[EventRounds "9"]
[EventCountry "RUS"]
[SourceTitle "CBM 112 Extra"]
[Source "ChessBase"]
[SourceDate "2006.07.14"]
[SourceVersion "1"]
[SourceVersionDate "2006.07.14"]
[SourceQuality "1"]

1. e4 e5 2. Bc4 Nf6 3. d3 c6 4. Nf3 Be7 5. 0-0 d6 6. a4 0-0 7. Re1 Bg4 8. h3 Bh5 9. Bb3 Nbd7 10. c3 Nc5 11. Bc2 Ne6 12. Nbd2 Nd7 13. Nf1 Ng5 14. Bxg5 Bxg5 15. Ng3 Bg6 16. d4 Bf6 17. a5 Re8 18. d5 Qc7 19. c4 cxd5 20. cxd5 Rec8 21. Bd3 a6 22. Nd2 Qd8 23. Nc4 Be7 24. Qf3 Rc7 25. Rec1 Rac8 26. Rc3 Nf8 27. Nf1 Bg5 28. g3 h5 29. h4 Bh6 30. Raa3 Qe7 31. Be2 Nd7 32. b4 Nf6 33. Nfd2 Bxd2 34. Nxd2 Nxd5 35. Rxc7 Qxc7 36. Nc4 Nf6 37. Ra1 Bxe4 38. Qe3 Bd5 39. Nb6 Qc3 40. Rd1 Qxe3 41. fxe3 Rc2 42. Nxd5 Rxe2 43. Nxf6+ gxf6 44. Rxd6 Rxe3 45. Kf2 Rb3 46. Rb6 Kg7 47. Rxb7 Kg6 48. Kg2 Kf5 49. Rxf7 Rxb4 50. Ra7 Kg4 51. Rg7+ Kf5 52. Ra7 Kg4 53. Rg7+ 1/2-1/2

[Event "St Petersburg White Nights op"]
[Site "St Petersburg"]
[Date "2006.06.25"]
[Round "3"]
[White "Sivokho, Sergey V"]
[Black "Turikov, Viktor"]
[Result "1-0"]
[WhiteElo "2469"]
[BlackElo "2340"]
[PlyCount "107"]
[EventDate "2006.06.23"]
[EventType "swiss"]
[EventRounds "9"]
[EventCountry "RUS"]
[SourceTitle "CBM 112 Extra"]
[Source "ChessBase"]
[SourceDate "2006.07.14"]
[SourceVersion "1"]
[SourceVersionDate "2006.07.14"]
[SourceQuality "1"]

1. e4 b6 2. d4 Bb7 3. Nc3 e6 4. Nf3 Bb4 5. Bd3 Nf6 6. Bg5 h6 7. Bxf6 Bxc3+ 8. bxc3 Qxf6 9. 0-0 Nc6 10. e5 Qe7 11. Nd2 0-0-0 12. a4 d6 13. f4 g5 14. Be4 Kb8 15. Qf3 d5 16. Bd3 f5 17. exf6 Qxf6 18. Qe3 Rde8 19. Rae1 Re7 20. fxg5 Qxg5 21. Nf3 Qg4 22. Re2 h5 23. a5 Rg8 24. a6 Bc8 25. Bb5 Nd8 26. Ne5 Qg7 27. Qf4 Qh8 28. Rf3 Ka8 29. Ref2 Qh7 30. c4 dxc4 31. Rc3 c6 32. Nxc6 Rc7 33. Ne5 Qe7 34. Rxc4 Rxc4 35. Bxc4 b5 36. Bd3 Qd6 37. Bxb5 Qd5 38. c4 Qd6 39. h3 Rh8 40. Kh2 Rg8 41. g3 Rh8 42. Ng6 Qxf4 43. Rxf4 Rh6 44. Ne5 Rh8 45. Kg2 Kb8 46. g4 hxg4 47. hxg4 Kc7 48. g5 Rg8 49. g6 Kd6 50. Kf3 Ke7 51. Kg4 Rf8 52. Rxf8 Kxf8 53. Kh5 Kg7 54. Kg5 1-0

[Event "St Petersburg White Nights op"]
[Site "St Petersburg"]
[Date "2006.06.24"]
[Round "2"]
[White "Vunder, Yakov"]
[Black "Sivokho, Sergey V"]
[Result "0-1"]
[WhiteElo "2244"]
[BlackElo "2469"]
[PlyCount "62"]
[EventDate "2006.06.23"]
[EventType "swiss"]
[EventRounds "9"]
[EventCountry "RUS"]
[SourceTitle "CBM 112 Extra"]
[Source "ChessBase"]
[SourceDate "2006.07.14"]
[SourceVersion "1"]
[SourceVersionDate "2006.07.14"]
[SourceQuality "1"]

1. c4 c5 2. Nc3 Nc6 3. g3 g6 4. Bg2 Bg7 5. d3 e6 6. e4 Nge7 7. Nge2 d6 8. 0-0 0-0 9. Rb1 b6 10. a3 Bb7 11. b4 Qd7 12. Be3 Nd4 13. Qd2 Rfe8 14. f4 f5 15. Bf2 Nec6 16. b5 Na5 17. Nxd4 cxd4 18. Ne2 e5 19. fxe5 fxe4 20. dxe4 Rac8 21. Qa2 Kh8 22. Bxd4 dxe5 23. Bc3 Nxc4 24. Rfd1 Qc7 25. Bb4 Bh6 26. Rd3 Ne3 27. Rc1 Qxc1+ 28. Nxc1 Rxc1+ 29. Kf2 Rc2+ 30. Qxc2 Nxc2 31. Rd7 Bc8 0-1

[Event "RUS-chT2 13th"]
[Site "Sochi"]
[Date "2006.04.27"]
[Round "8"]
[White "Pogromsky, Mikhail"]
[Black "Sivokho, Sergey V"]
[Result "1-0"]
[WhiteElo "2363"]
[BlackElo "2469"]
[PlyCount "171"]
[EventDate "2006.04.20"]
[EventType "team-tourn"]
[EventRounds "11"]
[EventCountry "RUS"]
[SourceTitle "EXT 2007"]
[Source "ChessBase"]
[SourceDate "2006.11.23"]
[SourceVersion "1"]
[SourceVersionDate "2006.11.23"]
[SourceQuality "1"]

1. Nf3 c5 2. c4 Nc6 3. Nc3 Nf6 4. e3 d5 5. d4 e6 6. cxd5 Nxd5 7. Bb5 Nxc3 8. bxc3 Bd7 9. 0-0 Be7 10. e4 0-0 11. Be3 Nxd4 12. Bxd7 Nxf3+ 13. gxf3 Qa5 14. Qb3 a6 15. Qxb7 Rab8 16. Qc6 Rb6 17. Qa4 Qxc3 18. Rab1 Rfb8 19. Rxb6 Rxb6 20. f4 Qd3 21. e5 Rb4 22. Qc6 Rb1 23. Rxb1 Qxb1+ 24. Kg2 Qg6+ 25. Kf1 Qd3+ 26. Ke1 g6 27. Qc8+ Kg7 28. Ba4 c4 29. Qb7 Bh4 30. Qb6 c3 31. Qd4 Qb1+ 32. Qd1 Qxa2 33. Bc2 Be7 34. Ke2 a5 35. Kf3 Qc4 36. Qd3 Qc7 37. Qe4 Bb4 38. Kg2 Qd8 39. h3 Qc7 40. Kh2 Qe7 41. Bb6 Qd7 42. Qd4 Qb5 43. Bd8 Kg8 44. Bf6 Qd5 45. Qxd5 exd5 46. Kg2 d4 47. e6 d3 48. Bxd3 fxe6 49. Bc2 Kf7 50. Be5 Ke7 51. Kf3 Kd7 52. Ba4+ Ke7 53. Ke4 Bc5 54. f3 Bb6 55. Bxc3 Kf7 56. Be5 Ke7 57. Kd3 Kf7 58. Kc4 Be3 59. Bc2 Bd2 60. Kb5 Bb4 61. Kc6 Ke7 62. Bc7 Bc3 63. Be5 Bb4 64. Kb5 Bd2 65. Kc4 Be3 66. Kd3 Bb6 67. Ke2 Kf7 68. Kf1 Be3 69. Kg2 Bb6 70. Kg3 Bc5 71. Kg4 Bb4 72. Bb3 Be7 73. Bc7 h5+ 74. Kg3 Bb4 75. Be5 Bc5 76. Kg2 Bb6 77. Kf1 Bd8 78. Ke2 Bb6 79. Kd3 Bf2 80. Kc4 Bg3 81. Kb5 g5 82. Kxa5 Bxf4 83. Bxf4 gxf4 84. Kb4 Kf6 85. h4 e5 86. Bc2 1-0